[Event "Gatineau Commanditaires"]
[Site "Gatineau"]
[Date "2014.03.04"]
[Round "2"]
[White "Lecorre, Joel"]
[Black "Legault, Stephane"]
[Result "1-0"]
[WhiteElo "1528"]
[BlackElo "1525"]
[PlyCount "55"]
[EventDate "2014.02.25"]
[EventType "swiss"]
[EventRounds "4"]
[EventCountry "CAN"]
[SourceTitle "EXT 2022"]
[Source "ChessBase"]
[SourceDate "2021.10.06"]
[SourceVersion "1"]
[SourceVersionDate "2021.10.06"]
[SourceQuality "1"]

1. e4 e5 2. Nf3 Nc6 3. c3 d6 4. d4 exd4 5. cxd4 Bd7 6. Nc3 g6 7. Be3 Bg7 8. Bc4 Nh6 9. h3 Na5 10. Be2 0-0 11. Qd2 Nf5 12. exf5 Bxf5 13. 0-0 Nc6 14. Bd3 Ne7 15. Rac1 c6 16. Bxf5 Nxf5 17. Rfe1 Re8 18. Bf4 Qd7 19. g4 Ne7 20. Bh6 f5 21. Bxg7 Kxg7 22. Qg5 fxg4 23. Qxg4 Nf5 24. Nh4 Rf8 25. Nxf5+ Rxf5 26. Ne4 Qd8 27. Ng3 h5 28. Nxf5+ 1-0

[Event "Gatineau op U1800"]
[Site "Gatineau"]
[Date "2014.03.??"]
[Round "2"]
[White "Legault, Stephane"]
[Black "Bilodeau, Victor"]
[Result "1-0"]
[WhiteElo "1708"]
[BlackElo "1647"]
[PlyCount "81"]
[EventDate "2014.02.??"]
[EventType "swiss"]
[EventRounds "5"]
[EventCountry "CAN"]
[SourceTitle "EXT 2022"]
[Source "ChessBase"]
[SourceDate "2021.10.06"]
[SourceVersion "1"]
[SourceVersionDate "2021.10.06"]
[SourceQuality "1"]

1. e4 e5 2. f4 exf4 3. Nf3 d6 4. Bc4 Nf6 5. Nc3 Be6 6. d3 Bxc4 7. dxc4 Nh5 8. Qd5 g6 9. Ne2 Nc6 10. Nxf4 Nxf4 11. Bxf4 Bg7 12. 0-0-0 0-0 13. Bg5 Qc8 14. c5 Nb4 15. Qc4 dxc5 16. Kb1 Qe6 17. Qxe6 fxe6 18. Be7 Rf4 19. Bxc5 Rxe4 20. Rhe1 Rxe1 21. Rxe1 Na6 22. Bf2 Rd8 23. a3 Rd6 24. Ng5 e5 25. Ne4 Rd7 26. Kc1 b6 27. h4 h6 28. g4 c5 29. g5 Nb8 30. Kb1 Nc6 31. gxh6 Bh8 32. Rg1 Kh7 33. Be3 Nd4 34. Ng5+ Kxh6 35. Ne6+ Kh5 36. Rg5+ Kxh4 37. Bf2+ Kh3 38. Rg3+ Kh2 39. Ng5 Nf5 40. Nf3+ Kh1 41. Rg1# 1-0

[Event "Gatineau TORO U1900"]
[Site "Gatineau"]
[Date "2013.06.08"]
[Round "3"]
[White "Arsenault, Yves"]
[Black "Legault, Stephane"]
[Result "1-0"]
[WhiteElo "1543"]
[BlackElo "1502"]
[PlyCount "81"]
[EventDate "2013.06.07"]
[EventType "swiss"]
[EventRounds "5"]
[EventCountry "CAN"]
[SourceTitle "EXT 2022"]
[Source "ChessBase"]
[SourceDate "2021.10.06"]
[SourceVersion "1"]
[SourceVersionDate "2021.10.06"]
[SourceQuality "1"]

1. e4 c5 2. Nf3 Nc6 3. d4 cxd4 4. Nxd4 e5 5. Nb5 a6 6. Nd6+ Bxd6 7. Qxd6 Nge7 8. Bd3 0-0 9. 0-0 Ng6 10. Nd2 b5 11. Nf3 Bb7 12. Be3 Re8 13. Rad1 Re6 14. Qc5 Nce7 15. Qc3 Rc8 16. Qd2 d5 17. exd5 Bxd5 18. Bxg6 hxg6 19. Qe2 Qa5 20. b3 Bxf3 21. gxf3 g5 22. c4 b4 23. Rd7 Nc6 24. Rd5 Qc7 25. Qd2 Nd4 26. Bxd4 exd4 27. Qxd4 Rh6 28. Qe5 Qb7 29. Rfd1 Qa8 30. Qg3 Re8 31. Rxg5 g6 32. h4 Qc8 33. h5 Kh7 34. hxg6+ fxg6 35. Rgd5 Re7 36. Qg5 Qe8 37. Qd2 Qb8 38. Rd6 a5 39. f4 Qb7 40. Qd5 Qc8 41. Rd7 1-0

[Event "Gatineau Maisonneuve Memorial"]
[Site "Gatineau"]
[Date "2011.10.25"]
[Round "1"]
[White "Cossette, Daniel"]
[Black "Legault, Stephane"]
[Result "1-0"]
[WhiteElo "2039"]
[BlackElo "1522"]
[PlyCount "57"]
[EventDate "2011.10.25"]
[EventType "swiss"]
[EventRounds "4"]
[EventCountry "CAN"]
[SourceTitle "EXT 2022"]
[Source "ChessBase"]
[SourceDate "2021.10.06"]
[SourceVersion "1"]
[SourceVersionDate "2021.10.06"]
[SourceQuality "1"]

1. e4 e5 2. Nf3 Nc6 3. d4 exd4 4. c3 g6 5. cxd4 Bg7 6. Nc3 Nge7 7. Be3 0-0 8. Qd2 d5 9. e5 Bf5 10. h3 a6 11. g4 Be4 12. Nxe4 dxe4 13. Ng5 Nd5 14. Nxe4 Nxe3 15. fxe3 Qh4+ 16. Qf2 Qe7 17. g5 Nxe5 18. dxe5 Qxe5 19. Bg2 f5 20. Nf6+ Bxf6 21. gxf6 Rxf6 22. 0-0-0 Qc5+ 23. Kb1 c6 24. Qd2 Re8 25. Rhe1 Rfe6 26. Rc1 Qb6 27. Rc3 Rd8 28. Rd3 Red6 29. Rxd6 1-0